प्रमाण - मीमांसा / (Record no. 121105)
[ view plain ]
| 000 -LEADER | |
|---|---|
| fixed length control field | 01053nam a22002537a 4500 |
| 005 - DATE AND TIME OF LATEST TRANSACTION | |
| control field | 20170124103207.0 |
| 010 ## - LIBRARY OF CONGRESS CONTROL NUMBER | |
| LC control number | B-011363 |
| 020 ## - INTERNATIONAL STANDARD BOOK NUMBER | |
| Terms of availability | 150.00 |
| 035 ## - SYSTEM CONTROL NUMBER | |
| System control number | B-011363 |
| 037 ## - SOURCE OF ACQUISITION | |
| Source of stock number/acquisition | Cen Lib/Ret |
| 040 ## - CATALOGING SOURCE | |
| Original cataloging agency | DPL |
| Language of cataloging | HN |
| 082 ## - DEWEY DECIMAL CLASSIFICATION NUMBER | |
| Classification number | 181.4 |
| Item number | भंडारी |
| 100 ## - MAIN ENTRY--PERSONAL NAME | |
| Personal name | भंडारी, डी .आर. |
| 9 (RLIN) | 94650 |
| 245 ## - TITLE STATEMENT | |
| Title | प्रमाण - मीमांसा / |
| Statement of responsibility, etc | डी .आर. भंडारी |
| 246 ## - VARYING FORM OF TITLE | |
| Title proper/short title | Praman mimansha |
| Remainder of title | by D.R.Bhandari |
| 260 ## - PUBLICATION, DISTRIBUTION, ETC. (IMPRINT) | |
| Place of publication, distribution, etc | जोधपुर |
| Name of publisher, distributor, etc | राजस्थानी ग्रन्थागार प्रकाशन |
| Date of publication, distribution, etc | 2000 |
| 270 ## - ADDRESS | |
| Address | सोजती गेट |
| City | जोधपुर |
| 300 ## - PHYSICAL DESCRIPTION | |
| Extent | 102पृष्ठ |
| Dimensions | 20सेमी(सजिल्द ) |
| 650 ## - SUBJECT ADDED ENTRY--TOPICAL TERM | |
| Topical term or geographic name as entry element | भारतीय दर्शन शास्त्र |
| 9 (RLIN) | 94651 |
| 650 ## - SUBJECT ADDED ENTRY--TOPICAL TERM | |
| Topical term or geographic name as entry element | आत्मा का स्वा प्रकाश |
| 9 (RLIN) | 6022 |
| 650 ## - SUBJECT ADDED ENTRY--TOPICAL TERM | |
| Topical term or geographic name as entry element | Indian Philosophy |
| 9 (RLIN) | 94652 |
| 650 ## - SUBJECT ADDED ENTRY--TOPICAL TERM | |
| Topical term or geographic name as entry element | Spirit of the welcome light |
| 9 (RLIN) | 94653 |
| 942 ## - ADDED ENTRY ELEMENTS (KOHA) | |
| Source of classification or shelving scheme | Dewey Decimal Classification |
| Koha item type | Hindi Books |
| Classification part | 181.4 |
| Call number suffix | भंडारी |
| Withdrawn status | Lost status | Damaged status | Not for loan | Home library | Current library | Date acquired | Source of acquisition | Cost, normal purchase price | Total Checkouts | Full call number | Barcode | Date last seen | Copy number | Cost, replacement price | Price effective from | Koha item type |
|---|---|---|---|---|---|---|---|---|---|---|---|---|---|---|---|---|
| Central Library | Central Library | 01/10/2015 | Cen Lib/Ret | 150.00 | 181.4 भंडारी | B-011363 | 01/10/2015 | 1 | 150.00 | 01/10/2015 | Hindi Books |
